00000000nam##2200000za#4500
0019.575893
003CaOODSP
00520210624184900
007cr |||||||||||
008150406|2009||||xxc|||||o    f|0| 0 eng|d
040 |aCaOODSP|beng
043 |an-cn---
0861 |aTU3-6/09-33E-PDF
1102 |aTransportation Safety Board of Canada.
24510|aMain track train derailment - Canadian National Railway Mile 108.23, Allanwater Subdivision Robinson, Ontario, 13 February 2009 |h[electronic resource]
260 |aOttawa - Ontario : |bTransportation Safety Board of Canada |c[2009].
300 |a12p.|bcoloured illus., figs., references
4901 |aRailway investigation report |vR09W0033
590 |a13-09-Supp|b2013-04-04
77508|tDéraillement en voie principale - Canadien National Point milliaire 108,23 de la subdivision Allanwater Robinson (Ontario) - le 13 février 2009 |w(CaOODSP)9.605281
830#0|aRailway investigation report ;|vR09W0033|w(CaOODSP)9.504849
85640|ahttp://publications.gc.ca|qPDF|s294 KB|uhttps://publications.gc.ca/collections/collection_2013/bst-tsb/TU3-6-09-33-eng.pdf|yR09W0033